[Event "Steinthor Baldursson memorial 2018"]
[Site "?"]
[Date "2018.01.04"]
[Round "1"]
[White "Dijkhuis, Tycho"]
[Black "Briem, Stephan"]
[Result "1-0"]
[WhiteElo "2402"]
[BlackElo "1890"]
[PlyCount "47"]
[EventDate "2018.??.??"]
[EventType "swiss"]
[EventCountry "ISL"]
[SourceTitle "Kopavogur"]
[TimeControl "5400+30"]
[WhiteClock "0:00:34"]
[BlackClock "0:35:09"]

1. e4 {[%emt 0:00:00]} c5 {[%emt 0:00:00]} 2. Nf3 {[%emt 0:00:00]} d6 {[%emt 0:00:08]} 3. d4 {[%emt 0:01:28]} cxd4 {[%emt 0:00:20]} 4. Nxd4 {[%emt 0:00:06]} Nf6 {[%emt 0:00:38]} 5. Nc3 {[%emt 0:00:04]} a6 {[%emt 0:00:40]} 6. Be3 {[%emt 0:02:36]} e5 {[%emt 0:00:55]} 7. Nf3 {[%emt 0:01:05]} Be6 {[%emt 0:03:35]} 8. Ng5 {[%emt 0:02:56]} Qd7 {[%emt 0:21:48]} 9. Nxe6 {[%emt 0:08:09]} Qxe6 {[%emt 0:01:13]} 10. Be2 {[%emt 0:14:07]} Be7 {[%emt 0:02:41]} 11. g4 {[%emt 0:09:05]} h6 {[%emt 0:05:59]} 12. h4 {[%emt 0:01:25]} b5 {[%emt 0:05:17]} 13. a3 {[%emt 0:03:18]} Nbd7 {[%emt 0:13:58]} 14. Rg1 {[%emt 0:00:21]} Nc5 {[%emt 0:08:12]} 15. g5 {[%emt 0:01:23]} Nfxe4 {[%emt 0:19:43]} 16. Nd5 {[%emt 0:00:08]} Bd8 {[%emt 0:01:59]} 17. Bg4 {[%emt 0:09:53]} Qg6 {[%emt 0:08:00]} 18. h5 {[%emt 0:03:02]} Qh7 {[%emt 0:01:18]} 19. g6 {[%emt 0:03:05]} Qg8 {[%emt 0:02:03]} 20. Bf5 {[%emt 0:03:00]} f6 {[%emt 0:01:00]} 21. b4 {[%emt 0:00:55]} Ng5 {[%emt 0:00:30]} 22. bxc5 {[%emt 0:00:17]} Ba5+ {[%emt 0:00:12]} 23. Kf1 {[%emt 0:00:22]} dxc5 {[%emt 0:00:47]} 24. Nc7+ {[%emt 0:00:06]} 1-0

[Event "Steinthor Baldursson memorial 2018"]
[Site "?"]
[Date "2018.01.04"]
[Round "1"]
[White "Ragnarsson, Dagur"]
[Black "Davidsson, Oskar Vikingur"]
[Result "1-0"]
[WhiteElo "2332"]
[BlackElo "1854"]
[PlyCount "99"]
[EventDate "2018.??.??"]
[EventType "swiss"]
[EventCountry "ISL"]
[SourceTitle "Kopavogur"]
[TimeControl "5400+30"]
[WhiteClock "1:00:53"]
[BlackClock "0:09:42"]

1. d4 {[%emt 0:00:00]} Nf6 {[%emt 0:00:00]} 2. Nf3 {[%emt 0:00:00]} e6 {[%emt 0:00:00]} 3. c4 {[%emt 0:00:25]} b6 {[%emt 0:00:00]} 4. Bf4 {[%emt 0:01:28]} Bb7 {[%emt 0:00:35]} 5. e3 {[%emt 0:00:07]} d5 {[%emt 0:00:50]} 6. Nbd2 {[%emt 0:00:43]} Bd6 {[%emt 0:01:23]} 7. Bg3 {[%emt 0:03:45]} O-O {[%emt 0:00:38]} 8. Bd3 {[%emt 0:01:19]} Qe7 {[%emt 0:00:25]} 9. O-O {[%emt 0:01:12]} Nbd7 {[%emt 0:00:14]} 10. Ne5 {[%emt 0:02:12]} Ne4 {[%emt 0:07:12]} 11. Nxd7 {[%emt 0:11:03]} Qxd7 {[%emt 0:00:05]} 12. Rc1 {[%emt 0:08:32]} Nxd2 {[%emt 0:05:46]} 13. Qxd2 {[%emt 0:00:45]} dxc4 {[%emt 0:00:06]} 14. Bxc4 {[%emt 0:00:35]} Rac8 {[%emt 0:02:33]} 15. f4 {[%emt 0:14:34]} Rfd8 {[%emt 0:00:19]} 16. Rfd1 {[%emt 0:04:29]} Be7 {[%emt 0:00:39]} 17. Qe2 {[%emt 0:00:14]} c6 {[%emt 0:01:02]} 18. a3 {[%emt 0:03:27]} Bf6 {[%emt 0:01:46]} 19. Bf2 {[%emt 0:03:04]} Qc7 {[%emt 0:01:32]} 20. b4 {[%emt 0:06:01]} c5 {[%emt 0:01:24]} 21. Bb5 {[%emt 0:07:45]} Qe7 {[%emt 0:01:35]} 22. dxc5 {[%emt 0:00:05]} Rxd1+ {[%emt 0:00:12]} 23. Rxd1 {[%emt 0:00:09]} bxc5 {[%emt 0:00:10]} 24. e4 {[%emt 0:00:07]} Bd4 {[%emt 0:01:47]} 25. Bxd4 {[%emt 0:00:27]} cxd4 {[%emt 0:00:06]} 26. Rxd4 {[%emt 0:01:53]} Qc7 {[%emt 0:00:09]} 27. Qe3 {[%emt 0:04:48]} Qb6 {[%emt 0:03:46]} 28. Be2 {[%emt 0:02:14]} h6 {[%emt 0:00:53]} 29. Kf2 {[%emt 0:01:23]} Qc7 {[%emt 0:01:52]} 30. Rc4 {[%emt 0:00:40]} Qb8 {[%emt 0:00:39]} 31. Rxc8+ {[%emt 0:00:39]} Bxc8 {[%emt 0:00:05]} 32. g3 {[%emt 0:00:20]} e5 {[%emt 0:00:35]} 33. f5 {[%emt 0:03:43]} Qc7 {[%emt 0:02:18]} 34. Qc5 {[%emt 0:05:39]} Qxc5+ {[%emt 0:00:36]} 35. bxc5 {[%emt 0:00:04]} Kf8 {[%emt 0:00:06]} 36. Bc4 {[%emt 0:00:50]} Ke7 {[%emt 0:01:15]} 37. Bd5 {[%emt 0:01:58]} f6 {[%emt 0:00:18]} 38. g4 {[%emt 0:03:35]} Kd8 {[%emt 0:00:20]} 39. c6 {[%emt 0:01:06]} Kc7 {[%emt 0:00:40]} 40. Kg3 {[%emt 0:00:04]} h5 {[%emt 0:03:11]} 41. h3 {[%emt 0:02:09]} hxg4 {[%emt 0:04:23]} 42. hxg4 {[%emt 0:00:05]} Kb6 {[%emt 0:00:22]} 43. Kh4 {[%emt 0:00:06]} Kb5 {[%emt 0:00:34]} 44. Kh5 {[%emt 0:00:19]} Ka4 {[%emt 0:00:21]} 45. Be6 {[%emt 0:00:45]} Ba6 {[%emt 0:00:17]} 46. c7 {[%emt 0:00:04]} Kxa3 {[%emt 0:00:07]} 47. c8=Q {[%emt 0:00:07]} Bxc8 {[%emt 0:00:10]} 48. Bxc8 {[%emt 0:00:05]} a5 {[%emt 0:00:08]} 49. Kg6 {[%emt 0:00:08]} a4 {[%emt 0:00:13]} 50. Bd7 {[%emt 0:00:06]} 1-0

[Event "Steinthor Baldursson memorial 2018"]
[Site "?"]
[Date "2018.01.04"]
[Round "1"]
[White "Jazdanovs, Aleksandrs"]
[Black "Johannsson, Birkir Isak"]
[Result "1-0"]
[WhiteElo "2218"]
[BlackElo "1760"]
[PlyCount "91"]
[EventDate "2018.??.??"]
[EventType "swiss"]
[EventCountry "ISL"]
[SourceTitle "Kopavogur"]
[TimeControl "5400+30"]
[WhiteClock "0:11:56"]
[BlackClock "0:12:18"]

1. e4 {[%emt 0:00:08]} c5 {[%emt 0:00:00]} 2. Nc3 {[%emt 0:00:42]} d6 {[%emt 0:00:02]} 3. Nf3 {[%emt 0:00:17]} Nf6 {[%emt 0:00:24]} 4. d4 {[%emt 0:00:18]} cxd4 {[%emt 0:00:13]} 5. Nxd4 {[%emt 0:00:09]} a6 {[%emt 0:00:10]} 6. Be3 {[%emt 0:00:39]} e6 {[%emt 0:00:24]} 7. g3 {[%emt 0:04:39]} Be7 {[%emt 0:00:56]} 8. Bg2 {[%emt 0:00:47]} Qc7 {[%emt 0:01:25]} 9. O-O {[%emt 0:01:01]} O-O {[%emt 0:00:53]} 10. Qe2 {[%emt 0:00:57]} Nc6 {[%emt 0:03:46]} 11. Nxc6 {[%emt 0:00:08]} bxc6 {[%emt 0:00:08]} 12. Na4 {[%emt 0:00:02]} Nd7 {[%emt 0:12:02]} 13. c4 {[%emt 0:01:26]} c5 {[%emt 0:04:43]} 14. b3 {[%emt 0:03:22]} Bb7 {[%emt 0:02:48]} 15. Rad1 {[%emt 0:03:14]} Bc6 {[%emt 0:02:48]} 16. Nc3 {[%emt 0:04:24]} a5 {[%emt 0:07:42]} 17. Rd2 {[%emt 0:07:03]} Rfd8 {[%emt 0:05:19]} 18. Rc1 {[%emt 0:04:41]} a4 {[%emt 0:03:08]} 19. bxa4 {[%emt 0:05:29]} Bxa4 {[%emt 0:00:44]} 20. e5 {[%emt 0:03:38]} Ra6 {[%emt 0:07:59]} 21. exd6 {[%emt 0:04:48]} Bxd6 {[%emt 0:00:22]} 22. Nb5 {[%emt 0:01:30]} Qb8 {[%emt 0:03:24]} 23. Bg5 {[%emt 0:05:40]} Nf6 {[%emt 0:05:29]} 24. Bxf6 {[%emt 0:09:53]} gxf6 {[%emt 0:00:11]} 25. Qg4+ {[%emt 0:01:17]} Kh8 {[%emt 0:06:01]} 26. Qh5 {[%emt 0:04:19]} Rf8 {[%emt 0:00:27]} 27. Qh6 {[%emt 0:04:02]} f5 {[%emt 0:01:35]} 28. Rb1 {[%emt 0:04:40]} Be5 {[%emt 0:02:50]} 29. Rd7 {[%emt 0:03:45]} Bg7 {[%emt 0:00:52]} 30. Qh5 {[%emt 0:00:01]} Qe8 {[%emt 0:00:30]} 31. Rc7 {[%emt 0:03:58]} Bc2 {[%emt 0:04:10]} 32. Rc1 {[%emt 0:00:51]} Be4 {[%emt 0:06:50]} 33. Bxe4 {[%emt 0:00:25]} fxe4 {[%emt 0:00:05]} 34. Rd1 {[%emt 0:01:34]} Kg8 {[%emt 0:02:33]} 35. Rdd7 {[%emt 0:01:25]} e3 {[%emt 0:00:27]} 36. fxe3 {[%emt 0:02:27]} Rxa2 {[%emt 0:00:26]} 37. Rb7 {[%emt 0:00:52]} Ra1+ {[%emt 0:00:51]} 38. Kg2 {[%emt 0:00:01]} Ra2+ {[%emt 0:00:29]} 39. Kh3 {[%emt 0:00:09]} e5 {[%emt 0:00:18]} 40. Qg4 {[%emt 0:01:30]} e4 {[%emt 0:03:12]} 41. Nd6 {[%emt 0:00:25]} Qe5 {[%emt 0:00:14]} 42. Nxf7 {[%emt 0:00:42]} Qf6 {[%emt 0:01:03]} 43. Qf4 {[%emt 0:01:11]} Qe6+ {[%emt 0:00:53]} 44. g4 {[%emt 0:00:04]} h5 {[%emt 0:00:56]} 45. Ng5 {[%emt 0:01:39]} hxg4+ {[%emt 0:00:52]} 46. Kg3 1-0

[Event "Steinthor Baldursson memorial 2018"]
[Site "?"]
[Date "2018.01.04"]
[Round "1"]
[White "Mai, Aron Thor"]
[Black "Apol, Luitjen Akselsson"]
[Result "1-0"]
[WhiteElo "2066"]
[BlackElo "1600"]
[PlyCount "41"]
[EventDate "2018.??.??"]
[EventType "swiss"]
[EventCountry "ISL"]
[SourceTitle "Kopavogur"]
[TimeControl "5400+30"]
[WhiteClock "0:55:24"]
[BlackClock "0:54:41"]

1. e4 {[%emt 0:00:00]} c5 {[%emt 0:00:00]} 2. Nf3 {[%emt 0:00:00]} d6 {[%emt 0:00:04]} 3. d4 {[%emt 0:00:00]} cxd4 {[%emt 0:00:08]} 4. Nxd4 {[%emt 0:00:00]} Nf6 {[%emt 0:00:27]} 5. Nc3 {[%emt 0:00:00]} a6 {[%emt 0:00:25]} 6. Bg5 {[%emt 0:00:00]} e6 {[%emt 0:00:23]} 7. f4 {[%emt 0:00:06]} Nc6 {[%emt 0:00:40]} 8. Nxc6 {[%emt 0:01:38]} bxc6 {[%emt 0:00:14]} 9. e5 {[%emt 0:00:26]} h6 {[%emt 0:00:06]} 10. Bh4 {[%emt 0:00:54]} g5 {[%emt 0:00:30]} 11. fxg5 {[%emt 0:00:13]} Nd5 {[%emt 0:00:07]} 12. Ne4 {[%emt 0:00:17]} Qb6 {[%emt 0:00:54]} 13. c3 {[%emt 0:14:40]} hxg5 {[%emt 0:07:48]} 14. Bxg5 {[%emt 0:01:11]} dxe5 {[%emt 0:01:11]} 15. Qxd5 {[%emt 0:08:22]} Be7 {[%emt 0:13:50]} 16. Qd2 {[%emt 0:03:08]} Bxg5 {[%emt 0:06:58]} 17. Nxg5 {[%emt 0:00:55]} Bb7 {[%emt 0:01:44]} 18. O-O-O {[%emt 0:00:58]} Qc7 {[%emt 0:02:36]} 19. Bc4 {[%emt 0:03:35]} Rf8 {[%emt 0:06:11]} 20. Rhf1 {[%emt 0:01:34]} Bc8 {[%emt 0:00:20]} 21. Bd3 {[%emt 0:07:52]} 1-0

[Event "Steinthor Baldursson memorial 2018"]
[Site "?"]
[Date "2018.01.04"]
[Round "1"]
[White "Mai, Alexander Oliver"]
[Black "Beerdsen, Thomas"]
[Result "0-1"]
[WhiteElo "1970"]
[BlackElo "2416"]
[Annotator "TA"]
[PlyCount "84"]
[EventDate "2018.??.??"]
[EventType "swiss"]
[EventCountry "ISL"]
[SourceTitle "Kopavogur"]

{[%evp 19,84,100,139,87,83,97,100,55,50,24,28,18,58,-70,0,-120,-99,-127,-127,-123,-110,-105,-89,-93,-27,-19,11,-3,0,-80,-47,-37,-37,-150,-80,-299,-118,-129,-140,-190,-199,-222,-223,-214,-138,-343,-335,-570,-570,-619,-563,-779,-683,-2764,-1211,-29983,-5385,-1704,-1066,-29992,-29993,-29993,-29994,-29994,-29995,-29995,-29996]} 1. d4 Nf6 2. c4 e6 3. g3 d5 4. Nf3 dxc4 5. Bg2 Bb4+ 6. Bd2 a5 7. Qc2 {E04: Open Catalan: 5 Nf3} (7. O-O O-O 8. Bg5 h6 9. Bxf6 Qxf6 10. a3 Bd6 11. Nc3 Nc6 12. Rc1 e5 13. d5 Nd4 14. Nxd4 exd4 15. Ne4 {0-1 (66) Ding,L (2777)-Wang,H (2709) Huaian 2017}) 7... b5 8. a4 c6 9. axb5 Bxd2+ 10. Nfxd2 Nd5 {LiveBook: 3 Games} 11. Na3 $146 (11. Qxc4 $142 cxb5 12. Qxb5+ Bd7 13. Qc4) ({Predecessor:} 11. Qxc4 cxb5 12. Qxb5+ Bd7 13. Qb3 Bc6 14. O-O O-O {½-½ (59) Poulopoulos,I (2252)-Bilguun,S (2460) Pardubice 2017}) 11... cxb5 $16 12. Nxb5 Ba6 13. Na3 O-O 14. O-O Nc6 15. Nf3 Rc8 16. Rfe1 (16. Rfc1 $14) 16... Qb6 (16... Ncb4 $15 17. Qd2 c3 18. bxc3 Nxc3) 17. Rad1 ({Much weaker is} 17. Nxc4 Bxc4 18. Qxc4 Ncb4 $17) (17. Qd2 $11) 17... Ncb4 $17 18. Qd2 c3 19. bxc3 Nxc3 20. Ra1 Rfd8 21. Bf1 Bb7 ({Black should try} 21... Rc7 $17 22. e4 Bxf1 23. Kxf1 e5 $1 {[%mdl 512]}) 22. Rec1 $11 Nbd5 23. e3 Ba6 24. Bd3 (24. Qe1 $11) 24... Bxd3 25. Qxd3 Qb2 $36 {[%mdl 2048] Black has the initiative.} 26. Kg2 {[#]} ({White must play} 26. Re1 $1 $15) 26... Ne4 $1 {[%mdl 512]} 27. Rf1 $2 {[#]} (27. Rxc8 $17 Rxc8 28. Rf1) (27. Qxe4 Rxc1) 27... Ndc3 $2 (27... Nxf2 $1 $19 {[%mdl 512] and Black stays clearly on top.} 28. Qd2 (28. Rxf2 Qxa1) 28... Qxd2 29. Nxd2 Ng4) 28. Nc4 Qb5 29. Nce5 Qd5 $1 30. h4 f6 31. Ng4 Rb8 {And now ...Rb3 would win.} 32. Rfc1 $2 {[#]} (32. Ra3 $17 Rbc8 33. Rc1) 32... Rb3 $1 $19 33. Qc2 $2 (33. Rc2 {was necessary.}) 33... Rdb8 34. Qd3 h5 35. Ngh2 {[#]} Nxf2 $1 {[%mdl 512]} 36. Qa6 (36. Kxf2 Ne4+) 36... Rb2 {( -> ...Nh3+!)} 37. Rxa5 Ng4+ (37... Qe4 $142 38. Qf1 Ng4+ 39. Kh3 Nxe3 40. Rxh5 Nxf1 41. Rxf1 Qe2 42. Kg4 R8b4 43. Rg1 Rxd4+ 44. Kh3 Nd5 45. Rxd5 exd5 46. h5 Rd3 47. Re1 Qg2+ 48. Kg4 Rb4+ 49. Kf5 Rxf3+ 50. Ke6 {[#]} Qc2 $1 {[%mdl 512]} 51. Rc1 Qxc1 52. Kd7 Rb7+ 53. Kd6 Rf5 54. Ng4 Qc7+ 55. Ke6 Qd7#) 38. Kg1 Ne2+ 39. Kh1 Nxg3+ {Black mates.} 40. Kg1 {[#]} Nxh2 $1 {[%cal Rh2f3][%mdl 512]} 41. Rc8+ (41. Nxh2 Qh1#) 41... Rxc8 42. Qxc8+ Kh7 {Precision: White = 16%, Black = 45%.} 0-1

[Event "Steinthor Baldursson memorial 2018"]
[Site "?"]
[Date "2018.01.04"]
[Round "1"]
[White "Bannout, Edvin"]
[Black "Tokranovs, Dmitrijs"]
[Result "0-1"]
[WhiteElo "1869"]
[BlackElo "2354"]
[PlyCount "50"]
[EventDate "2018.??.??"]
[EventType "swiss"]
[EventCountry "ISL"]
[SourceTitle "Kopavogur"]
[TimeControl "5400+30"]
[WhiteClock "1:03:55"]
[BlackClock "0:10:40"]

1. e4 {[%emt 0:00:00]} Nf6 {[%emt 0:00:00]} 2. Nc3 {[%emt 0:00:29]} d5 {[%emt 0:00:00]} 3. e5 {[%emt 0:00:23]} Nfd7 {[%emt 0:00:31]} 4. Nxd5 {[%emt 0:02:26]} Nxe5 {[%emt 0:00:10]} 5. Ne3 {[%emt 0:00:43]} Ng6 {[%emt 0:02:09]} 6. g3 {[%emt 0:03:59]} e5 {[%emt 0:00:09]} 7. Bg2 {[%emt 0:01:23]} Bc5 {[%emt 0:01:36]} 8. b3 {[%emt 0:02:38]} O-O {[%emt 0:00:10]} 9. Bb2 {[%emt 0:01:23]} c6 {[%emt 0:02:14]} 10. h4 {[%emt 0:04:49]} Bd4 {[%emt 0:01:56]} 11. c3 {[%emt 0:03:21]} Bb6 {[%emt 0:00:08]} 12. Nf3 {[%emt 0:01:58]} e4 {[%emt 0:02:07]} 13. Ng5 {[%emt 0:10:49]} h6 {[%emt 0:02:25]} 14. Ba3 {[%emt 0:08:38]} hxg5 {[%emt 0:10:01]} 15. Bxf8 {[%emt 0:01:48]} Nxf8 {[%emt 0:04:11]} 16. Bxe4 {[%emt 0:02:11]} Qe7 {[%emt 0:01:55]} 17. Qf3 {[%emt 0:12:22]} g4 {[%emt 0:00:36]} 18. Qg2 {[%emt 0:03:24]} Be6 {[%emt 0:03:31]} 19. O-O {[%emt 0:03:02]} Nbd7 {[%emt 0:00:12]} 20. d4 {[%emt 0:04:14]} Nf6 {[%emt 0:00:23]} 21. Bc2 {[%emt 0:02:33]} Nd5 {[%emt 0:00:30]} 22. Rfe1 {[%emt 0:11:07]} Qf6 {[%emt 0:01:26]} 23. Nxd5 {[%emt 0:03:31]} cxd5 {[%emt 0:00:17]} 24. a4 {[%emt 0:03:03]} Rc8 {[%emt 0:00:35]} 25. Rec1 {[%emt 0:01:36]} Rxc3 {[%emt 0:01:23]} 0-1

[Event "Steinthor Baldursson memorial 2018"]
[Site "?"]
[Date "2018.01.04"]
[Round "1"]
[White "Zarovs, Aleksandrs"]
[Black "Johannesson, Oliver Aron"]
[Result "0-1"]
[WhiteElo "1831"]
[BlackElo "2277"]
[PlyCount "62"]
[EventDate "2018.??.??"]
[EventType "swiss"]
[EventCountry "ISL"]
[SourceTitle "Kopavogur"]
[TimeControl "5400+30"]
[WhiteClock "0:31:38"]
[BlackClock "0:01:00"]

1. e4 {[%emt 0:00:00]} c5 {[%emt 0:00:19]} 2. Nf3 {[%emt 0:00:00]} e6 {[%emt 0:00:06]} 3. Nc3 {[%emt 0:00:01]} Nc6 {[%emt 0:00:18]} 4. Bb5 {[%emt 0:00:46]} Nge7 {[%emt 0:00:49]} 5. d4 {[%emt 0:00:11]} cxd4 {[%emt 0:00:48]} 6. Nxd4 {[%emt 0:00:17]} Qc7 {[%emt 0:01:21]} 7. Nb3 {[%emt 0:04:24]} a6 {[%emt 0:00:33]} 8. O-O {[%emt 0:06:23]} Ng6 {[%emt 0:04:55]} 9. Bd3 {[%emt 0:05:15]} b5 {[%emt 0:03:20]} 10. a4 {[%emt 0:09:39]} b4 {[%emt 0:00:27]} 11. Ne2 {[%emt 0:00:29]} Bb7 {[%emt 0:01:46]} 12. Be3 {[%emt 0:02:44]} Nce5 {[%emt 0:03:54]} 13. Ng3 {[%emt 0:07:26]} Be7 {[%emt 0:07:45]} 14. a5 {[%emt 0:04:17]} Nc4 {[%emt 0:01:34]} 15. Bxc4 {[%emt 0:28:05]} Qxc4 {[%emt 0:05:20]} 16. Nd2 {[%emt 0:00:09]} Qb5 {[%emt 0:03:05]} 17. c4 {[%emt 0:04:03]} bxc3 {[%emt 0:01:21]} 18. bxc3 {[%emt 0:00:17]} Bc6 {[%emt 0:03:21]} 19. c4 {[%emt 0:05:02]} Qb4 {[%emt 0:04:40]} 20. Qc2 {[%emt 0:03:10]} O-O {[%emt 0:02:19]} 21. Rfb1 {[%emt 0:03:02]} Qd6 {[%emt 0:00:09]} 22. c5 {[%emt 0:01:28]} Qc7 {[%emt 0:00:35]} 23. Nc4 {[%emt 0:01:37]} Bb5 {[%emt 0:02:54]} 24. Nb6 {[%emt 0:00:20]} Ra7 {[%emt 0:02:35]} 25. Rxb5 {[%emt 0:07:01]} axb5 {[%emt 0:00:12]} 26. Ne2 {[%emt 0:00:09]} Ne5 {[%emt 0:14:24]} 27. h3 {[%emt 0:05:31]} Nc4 {[%emt 0:03:41]} 28. Nc3 {[%emt 0:01:40]} Nxe3 {[%emt 0:00:25]} 29. fxe3 {[%emt 0:00:11]} Bxc5 {[%emt 0:00:18]} 30. Qe2 {[%emt 0:00:37]} Bxb6 {[%emt 0:00:16]} 31. Nxb5 {[%emt 0:00:16]} Qe5 {[%emt 0:00:22]} 0-1

[Event "Steinthor Baldursson memorial 2018"]
[Site "?"]
[Date "2018.01.04"]
[Round "1"]
[White "Skaale, Janus"]
[Black "Birkisson, Bardur Orn"]
[Result "0-1"]
[WhiteElo "1752"]
[BlackElo "2190"]
[PlyCount "73"]
[EventDate "2018.??.??"]
[EventType "swiss"]
[EventCountry "ISL"]
[SourceTitle "Kopavogur"]
[TimeControl "5400+30"]
[WhiteClock "0:10:30"]
[BlackClock "0:00:42"]

1. e4 {[%emt 0:00:00]} g6 {[%emt 0:00:01]} 2. d4 {[%emt 0:00:13]} Bg7 {[%emt 0:00:23]} 3. Nc3 {[%emt 0:01:30]} d6 {[%emt 0:04:33]} 4. Be3 {[%emt 0:01:37]} Nf6 {[%emt 0:08:41]} 5. h3 {[%emt 0:07:24]} O-O {[%emt 0:01:38]} 6. Nf3 {[%emt 0:00:45]} c6 {[%emt 0:08:28]} 7. a4 {[%emt 0:08:43]} Nbd7 {[%emt 0:08:55]} 8. Bd3 {[%emt 0:14:12]} e5 {[%emt 0:05:03]} 9. O-O {[%emt 0:01:43]} exd4 {[%emt 0:04:34]} 10. Bxd4 {[%emt 0:01:39]} Re8 {[%emt 0:01:57]} 11. Re1 {[%emt 0:05:41]} Ne5 {[%emt 0:05:12]} 12. Bf1 {[%emt 0:05:47]} Nh5 {[%emt 0:07:33]} 13. Nxe5 {[%emt 0:03:37]} dxe5 {[%emt 0:00:38]} 14. Be3 {[%emt 0:01:26]} Qf6 {[%emt 0:09:30]} 15. Qc1 {[%emt 0:06:24]} Nf4 {[%emt 0:02:14]} 16. Ne2 {[%emt 0:02:41]} Ne6 {[%emt 0:05:23]} 17. c3 {[%emt 0:03:31]} Bf8 {[%emt 0:02:12]} 18. b4 {[%emt 0:01:47]} a5 {[%emt 0:01:04]} 19. Qb2 {[%emt 0:01:08]} Ng5 {[%emt 0:00:20]} 20. Ng3 {[%emt 0:01:44]} h5 {[%emt 0:00:23]} 21. Qd2 {[%emt 0:04:32]} Ne6 {[%emt 0:00:44]} 22. f3 {[%emt 0:01:15]} Nf4 {[%emt 0:01:08]} 23. Red1 {[%emt 0:03:43]} Be6 {[%emt 0:03:41]} 24. Bb6 {[%emt 0:03:01]} axb4 {[%emt 0:01:11]} 25. cxb4 {[%emt 0:00:04]} Bb3 {[%emt 0:00:52]} 26. Rdb1 {[%emt 0:08:15]} Qg5 {[%emt 0:00:52]} 27. Kh2 {[%emt 0:01:04]} Rxa4 {[%emt 0:01:50]} 28. Rxa4 {[%emt 0:01:43]} Bxa4 {[%emt 0:00:15]} 29. Bc4 {[%emt 0:02:32]} h4 {[%emt 0:02:18]} 30. Nf1 {[%emt 0:00:36]} Bb5 {[%emt 0:01:31]} 31. Bxb5 {[%emt 0:04:10]} cxb5 {[%emt 0:00:08]} 32. Rb2 {[%emt 0:00:56]} Rc8 {[%emt 0:01:44]} 33. Qd7 {[%emt 0:02:26]} Rc1 {[%emt 0:01:13]} 34. Qxb5 {[%emt 0:00:03]} Rb1 {[%emt 0:00:51]} 35. Rc2 {[%emt 0:00:56]} Rxb4 {[%emt 0:00:22]} 36. Qa5 {[%emt 0:00:30]} Rb1 {[%emt 0:00:08]} 37. Qd2 0-1

[Event "Steinthor Baldursson memorial 2018"]
[Site "?"]
[Date "2018.01.04"]
[Round "1"]
[White "Fjallheim, Leif Reinert"]
[Black "Birkisson, Bjorn Holm"]
[Result "0-1"]
[WhiteElo "1720"]
[BlackElo "2084"]
[PlyCount "80"]
[EventDate "2018.??.??"]
[EventType "swiss"]
[EventCountry "ISL"]
[SourceTitle "Kopavogur"]
[TimeControl "5400+30"]
[WhiteClock "0:17:05"]
[BlackClock "0:15:32"]

1. e4 {[%emt 0:00:00]} g6 {[%emt 0:00:00]} 2. d4 {[%emt 0:00:34]} Bg7 {[%emt 0:00:00]} 3. Nf3 {[%emt 0:01:51]} d6 {[%emt 0:00:10]} 4. Bc4 {[%emt 0:14:14]} a6 {[%emt 0:05:11]} 5. a4 {[%emt 0:02:43]} e6 {[%emt 0:07:50]} 6. c3 {[%emt 0:06:14]} h6 {[%emt 0:01:59]} 7. Be3 {[%emt 0:06:51]} Nf6 {[%emt 0:00:27]} 8. Bd3 {[%emt 0:05:16]} O-O {[%emt 0:03:07]} 9. h3 {[%emt 0:03:20]} e5 {[%emt 0:12:18]} 10. Qc1 {[%emt 0:09:46]} Kh7 {[%emt 0:01:38]} 11. g4 {[%emt 0:05:18]} exd4 {[%emt 0:02:16]} 12. Nxd4 {[%emt 0:01:44]} Qe7 {[%emt 0:02:07]} 13. Nd2 {[%emt 0:12:48]} d5 {[%emt 0:07:20]} 14. Qc2 {[%emt 0:08:51]} c5 {[%emt 0:03:08]} 15. N4f3 {[%emt 0:01:24]} c4 {[%emt 0:01:12]} 16. Be2 {[%emt 0:00:29]} Nxe4 {[%emt 0:02:52]} 17. Nxe4 {[%emt 0:00:49]} dxe4 {[%emt 0:00:13]} 18. Nd2 {[%emt 0:00:57]} f5 {[%emt 0:00:09]} 19. gxf5 {[%emt 0:05:07]} gxf5 {[%emt 0:05:07]} 20. Nxc4 {[%emt 0:03:59]} f4 {[%emt 0:01:50]} 21. Bd2 {[%emt 0:04:26]} Bf5 {[%emt 0:02:01]} 22. Qc1 {[%emt 0:02:00]} e3 {[%emt 0:00:30]} 23. fxe3 {[%emt 0:00:27]} Qh4+ {[%emt 0:00:12]} 24. Kd1 {[%emt 0:00:56]} Be4 {[%emt 0:00:07]} 25. Rg1 {[%emt 0:01:10]} f3 {[%emt 0:00:21]} 26. Bf1 {[%emt 0:00:21]} f2 {[%emt 0:00:25]} 27. Rg4 {[%emt 0:01:03]} Bf3+ {[%emt 0:17:34]} 28. Kc2 {[%emt 0:00:03]} Bxg4 {[%emt 0:00:11]} 29. hxg4 {[%emt 0:00:34]} Qxg4 {[%emt 0:00:39]} 30. e4 {[%emt 0:00:59]} Nd7 {[%emt 0:00:55]} 31. Be3 {[%emt 0:00:34]} h5 {[%emt 0:00:46]} 32. Qd2 {[%emt 0:00:32]} Rad8 {[%emt 0:05:37]} 33. Qe2 {[%emt 0:00:29]} Qxe4+ {[%emt 0:00:34]} 34. Kb3 {[%emt 0:00:27]} Qg4 {[%emt 0:01:28]} 35. Qc2+ {[%emt 0:00:15]} Kh8 {[%emt 0:00:36]} 36. Bxf2 {[%emt 0:00:29]} b5 {[%emt 0:00:18]} 37. axb5 {[%emt 0:00:47]} axb5 {[%emt 0:00:34]} 38. Ne3 {[%emt 0:00:38]} Qe6+ {[%emt 0:00:08]} 39. Kb4 {[%emt 0:00:32]} Rf4+ {[%emt 0:00:35]} 40. Kxb5 {[%emt 0:00:00]} Qb6# 0-1

[Event "Steinthor Baldursson memorial 2018"]
[Site "?"]
[Date "2018.01.04"]
[Round "1"]
[White "Heidarsson, Arnar"]
[Black "Thorhallsson, Simon"]
[Result "0-1"]
[WhiteElo "1592"]
[BlackElo "2040"]
[PlyCount "36"]
[EventDate "2018.??.??"]
[EventType "swiss"]
[EventCountry "ISL"]
[SourceTitle "Kopavogur"]
[TimeControl "5400+30"]
[WhiteClock "1:04:12"]
[BlackClock "0:30:52"]

1. d4 {[%emt 0:00:00]} Nf6 {[%emt 0:00:00]} 2. Bf4 {[%emt 0:00:00]} g6 {[%emt 0:00:00]} 3. e3 {[%emt 0:00:34]} Bg7 {[%emt 0:00:06]} 4. Be2 {[%emt 0:00:53]} O-O {[%emt 0:00:08]} 5. c4 {[%emt 0:00:55]} c5 {[%emt 0:01:49]} 6. d5 {[%emt 0:04:59]} d6 {[%emt 0:00:59]} 7. Nc3 {[%emt 0:01:29]} b5 {[%emt 0:03:27]} 8. Nxb5 {[%emt 0:06:59]} Ne4 {[%emt 0:05:22]} 9. Bd3 {[%emt 0:06:49]} Qa5+ {[%emt 0:03:19]} 10. Ke2 {[%emt 0:00:09]} a6 {[%emt 0:01:32]} 11. Bxe4 {[%emt 0:01:32]} axb5 {[%emt 0:00:11]} 12. Qc2 {[%emt 0:07:54]} bxc4 {[%emt 0:01:33]} 13. h4 {[%emt 0:10:16]} h6 {[%emt 0:12:29]} 14. a3 {[%emt 0:13:52]} f5 {[%emt 0:00:58]} 15. Bf3 {[%emt 0:01:42]} Ba6 {[%emt 0:01:06]} 16. Kd1 {[%emt 0:02:03]} Bb5 {[%emt 0:01:16]} 17. Kc1 {[%emt 0:05:48]} Ba4 {[%emt 0:00:19]} 18. Qd2 {[%emt 0:02:14]} Bxb2+ {[%emt 0:00:14]} 0-1